Clinical neurology/ (Record no. 539)

MARC details
000 -LEADER
fixed length control field 00873nam a2200253 a 4500
005 - DATE AND TIME OF LATEST TRANSACTION
control field 20260322212024.0
008 - FIXED-LENGTH DATA ELEMENTS--GENERAL INFORMATION
fixed length control field data
020 ## - INTERNATIONAL STANDARD BOOK NUMBER
International Standard Book Number 0071423605 (pbk. : alk. paper)
020 ## - INTERNATIONAL STANDARD BOOK NUMBER
International Standard Book Number 9780071423601 (pbk. : alk. paper)
040 ## - CATALOGING SOURCE
Original cataloging agency Borders/Amazon
096 ## - LOCALLY ASSIGNED NLM-TYPE CALL NUMBER (OCLC)
Classification number WL 100 A517c 2005
001 - CONTROL NUMBER
control field data
100 1# - MAIN ENTRY--PERSONAL NAME
Personal name Aminoff, Michael J.
Fuller form of name (Michael Jeffrey)
245 10 - TITLE STATEMENT
Title Clinical neurology/
Statement of responsibility, etc. Michael J. Aminoff ... [et al.].
250 ## - EDITION STATEMENT
Edition statement 6th ed.
260 ## - PUBLICATION, DISTRIBUTION, ETC.
Place of publication, distribution, etc. New York
Name of publisher, distributor, etc. Lange Medical Books/McGraw-Hill, Medical Pub. Division
Date of publication, distribution, etc. c2005
300 ## - PHYSICAL DESCRIPTION
Extent vii, 401 p. :
Other physical details ill. ;
Dimensions 24 cm.
500 ## - GENERAL NOTE
General note Includes bibliographical references and index.
500 ## - GENERAL NOTE
General note Rev. ed. of: Clinical neurology / David A. Greenberg. 5th ed. c2002.
650 02 - SUBJECT ADDED ENTRY--TOPICAL TERM
Topical term or geographic name entry element Nervous System Diseases
700 1# - ADDED ENTRY--PERSONAL NAME
Personal name Greenberg, David A.
700 1# - ADDED ENTRY--PERSONAL NAME
Personal name Greenberg, David A. Clinical neurology.
700 1# - ADDED ENTRY--PERSONAL NAME
Personal name Simon, Roger P.
Holdings
Withdrawn status Lost status Damaged status Not for loan Home library Current library Shelving location Date acquired Total checkouts Full call number Barcode Date last seen Price effective from Koha item type
        Franklin Franklin General stacks 22/03/2026   GEN BC0010552 22/03/2026 22/03/2026 Books